Chemical process control-CPCIII : proceedings of the Third International Conference on Chemical Process Control, Asilomar, California, January 12-17, 1986 /
Guardado en:
| Autor Corporativo: | |
|---|---|
| Otros Autores: | , |
| Formato: | Libro |
| Idioma: | English |
| Publicado: |
Amsterdam :
Elsevier,
1986.
|
| Materias: | |
| Etiquetas: |
Agregar Etiqueta
Sin Etiquetas, Sea el primero en etiquetar este registro!
|
| LEADER | 01094cam a22002535a 4500 | ||
|---|---|---|---|
| 001 | EIQ.libpla001389 | ||
| 008 | 860616s1986####ne#a#####b####101#0#eng#d | ||
| 005 | 20060920182129.0 | ||
| 245 | 1 | 0 | |a Chemical process control-CPCIII : |b proceedings of the Third International Conference on Chemical Process Control, Asilomar, California, January 12-17, 1986 / |c editors, Manfred Morari, Thomas J. McAvoy. |
| 260 | |a Amsterdam : |b Elsevier, |c 1986. | ||
| 300 | |a 932 p. : |b il. ; |c 23 cm. | ||
| 504 | |a Incluye referencias bibliográficas e índices. | ||
| 020 | |a 0444995323 | ||
| 111 | 2 | |a International Conference on Chemical Process Control |n (3rd : |d 1986 : |c Asilomar, Calif.) | |
| 700 | 1 | |a Morari, Manfred., |e ed. |4 edt | |
| 700 | 1 | |a McAvoy, Thomas J., |d 1940-, |e ed. |4 edt | |
| 082 | 0 | 0 | |a 660.2/81 |2 19 |
| 650 | 4 | |a Control de proceso químico |x Congresos. | |
| 650 | 4 | |a Producto químico |x Control de procesos. | |
| 650 | 4 | |a Chemical |x Process control. | |
| 650 | 0 | |a Chemical Process control |x Congresses. | |
| 010 | |a 86071565 | ||
| 040 | |a DLC |c DLC |d AR-BbSID | ||
| 859 | |a AR-BbSID |b BIB. PLAPIQUI |h 629.8 |i In 8 |p 3282 | ||
